Rugby Union Centurions - Statistics

General Stats
  • This quiz has been taken 40 times
  • The average score is 28 of 98
Answer Stats
Caps Nation/Team Player % Correct
141 Ireland/B&I Lions Brian O'Driscoll
85%
148 New Zealand Richie McCaw
82%
171 Wales/B&I Lions Alun Wyn-Jones
79%
124 Ireland/B&I Lions Johnny Sexton
76%
100 Wales/B&I Lions Adam Jones
73%
112 New Zealand Dan Carter
70%
111 South Africa John Smit
70%
153 New Zealand Sam Whitelock
70%
142 Italy Sergio Parisse
70%
110 Wales/B&I Lions Stephen Jones
70%
125 New Zealand Aaron Smith
67%
130 Ireland/B&I Lions Ronan O'Gara
67%
111 Australia George Smith
61%
134 New Zealand Beauden Barrett
58%
139 Australia George Gregan
58%
103 New Zealand Ma'a Nonu
58%
119 England/B&I Lions Owen Farrell
58%
129 England/B&I Lions Ben Youngs
55%
104 Wales/B&I Lions Martyn Williams
55%
125 Australia Michael Hooper
55%
115 Ireland/B&I Lions Paul O'Connell
55%
121 England/B&I Lions Dan Cole
48%
131 South Africa Eben Etzebeth
48%
102 Wales/B&I Lions Jonathan Davies
48%
137 Ireland Cian Healy
45%
124 Wales/B&I Lions George North
45%
105 Wales/B&I Lions Leigh Halfpenny
42%
109 New Zealand Brodie Retallick
39%
124 South Africa Bryan Habana
39%
133 Ireland/B&I Lions Conor Murray
39%
119 England/B&I Lions Jason Leonard
39%
127 New Zealand Kieran Read
39%
115 Ireland/B&I Lions Peter O'Mahony
39%
104 New Zealand Sam Cane
39%
127 South Africa Victor Matfield
39%
114 Wales/B&I Lions Taulupe Faletau
36%
103 Australia Matt Giteau
33%
102 Scotland/B&I Lions Stuart Hogg
33%
116 Wales/B&I Lions Dan Biggar
30%
134 Wales/B&I Lions Gethin Jenkins
30%
143 Australia James Slipper
30%
132 New Zealand Keven Mealamu
30%
124 Ireland Rory Best
30%
102 Australia Stephen Larkham
30%
111 England/B&I Lions Courtney Lawes
27%
101 England Danny Care
27%
105 England/B&I Lions Jamie George
27%
111 Scotland/B&I Lions Ross Ford
27%
101 Ireland Keith Earls
24%
108 New Zealand Owen Franks
24%
102 South Africa Percy Montgomery
24%
121 Australia Adam Ashley-Cooper
21%
110 Argentina Agustin Creevy
21%
101 Australia David Campese
21%
100 Ireland/B&I Lions Jamie Heaslip
21%
110 Australia Will Genia
21%
109 Scotland Chris Paterson
18%
109 South Africa Jean de Villiers
18%
119 Italy Martin Castrogiovanni
18%
106 Italy Mauro Bergamasco
18%
129 Australia Stephen Moore
18%
118 New Zealand Tony Woodcock
18%
118 France Fabien Pelous
15%
111 France Philippe Sella
15%
105 Argentina Julian Montoya
12%
100 New Zealand Mils Muliaina
12%
104 Argentina Nicolas Sanchez
12%
117 South Africa Tendai Mtawarira
12%
107 Ireland/B&I Lions John Hayes
9%
109 Argentina Pablo Matera
9%
103 Wales/B&I Lions Gareth Thomas
6%
116 Australia Nathan Sharpe
6%
106 Australia Rob Simmons
6%
110 Australia Sekope Kepu
6%
102 Italy Alessandro Troncon
3%
119 Italy Alessandro Zanni
3%
107 Uruguay Diego Magno
3%
129 Romania Florin Vlaicu
3%
101 Portugal Gonçalo Uva
3%
112 Italy Marco Bortolami
3%
103 Georgia Shalva Mamukashvili
3%
101 Portugal Vasco Uva
3%
120 Georgia Alexander Todua
0%
103 Italy Andrea Lo Cicero Vaina
0%
100 Russia Andrey Garbuzov
0%
109 Romania Cǎtǎlin Fercu
0%
122 Georgia Davit Kacharava
0%
108 Romania Florin Surugiu
0%
100 Georgia Giorgi Chkhaidze
0%
100 Georgia Lasha Malaghuradze
0%
107 Italy Leonardo Ghiraldini
0%
115 Georgia Merab Kvirikashvili
0%
104 Georgia Merab Sharikadze
0%
104 Romania Mihai Macovei
0%
105 Scotland Sean Lamont
0%
100 Romania Valentin Calafeteanu
0%
107 Russia Victor Gresev
0%
120 Russia Yuri Kushnarev
0%
No matching quizzes found
Score Distribution
Percent of People with Each Score
Percentile by Number Answered
Your Score History
You have not taken this quiz